| 000 | 01063nam0a22002531 4500 | ||
|---|---|---|---|
| 001 | rc\2772143 | ||
| 005 | 20250806210722.0 | ||
| 035 | _a(NLR Aleph) 006898500 | ||
| 090 |
_a28231 _c28231 |
||
| 100 | _a20110915d1941 u y0rusy50 ca | ||
| 101 | 0 | _arus | |
| 102 | _aRU | ||
| 105 | _ay z ||||| | ||
| 200 | 1 |
_aНаучная конференция медицинских институтов и институтов усовершенствования врачей по вопросам травматологии. 24-27-е мая 1941 г. _e[Тезисы докладов] _fНар. ком. здрав. УССР |
|
| 210 |
_aКиев _cУпр. учеб. мед. заведениями _d1941 |
||
| 215 |
_a48 с., без обл. _d16 см. |
||
| 710 | 1 | 2 |
_aКонференция по вопросам травматологии _f1941 _eКиев |
| 801 | 0 |
_aRU _bNLR _gpsbo |
|
| 801 | 1 |
_aRU _bELAR _2rusmarc |
|
| 852 |
_aNLR _jМд40 Г-2/4 |
||
| 942 | _cBOOK | ||
| 945 | _aРоссийская национальная библиотека | ||
| 980 | _aNB | ||
| 980 | _aBV | ||